00449nam a2200133Ia 4500008004100000024005900041082002100100100007200121245001900193260002600212600002700238650003300265999001700298260210s9999 xx 000 0 und d a15B-25-EL, 15B-110-EL, 15B-114-EL & 15B-116-EL a621.31042072 WAR aWarda Siddiqui, M. Nabeel Khan, M. Azam Khan & M. Izaan Qureshi 0aJuicer Techbot aKarachi:bUITU,c2015 aElectronic Engineering aBachelor of Engineering (BE) c33238d33238